Statistics for World Capitals Closest to Canberra

Click here to take the quiz!

General Stats

  • This quiz has been taken 505 times
  • The average score is 12 of 20

Answer Stats

kmcapitalmiles% Correct
2329Wellington1447
97%
5397Jakarta3354
87%
2882Port Moresby1791
80%
6125Singapore3862
78%
3462Suva2151
72%
6296Manila3912
70%
3821Dili2374
67%
4580Apia2846
60%
2723Port Vila1692
59%
3080Honiara1914
58%
3810Nuku'alofa2367
54%
4267Funafuti2651
52%
4785Tarawa2973
49%
5724Bandar Seri Begawan3557
48%
5000Ngerulmud3107
48%
4284Yaren2662
48%
5263Majuro3270
45%
4796Palikir2980
45%
4400Alofi2734
19%
5189Avarua3224
15%

Score Distribution

Percentile by Number Answered

Percent of People with Each Score

Your Score History

You have not taken this quiz